A dinâmica da escrita (Registo nº 667)

Detalhes MARC
000 -Etiqueta do registo
Cabeçalho 00912cam a2200325 4500
005 - Identificador da versão
Campo de controlo 20240813121809.0
010 ## - Número internacional normalizado dos livros (ISBN)
Número (ISBN) 9727701329
021 ## - Número do Depósito Legal
Código do país PT
Número 171776/01
035 ## - Other System Control Numbers
System Control Number 0000696
System Control Number 0000692
System Control Number 0000692
System Control Number 0000680
100 ## - Dados gerais de processamento
Dados gerais de processamento 20020619d2001 m y0pory5003 ba
102 ## - Pais de publicação ou produção
País de publicação Portugal
101 0# - Língua de publicação
Língua do texto, banda sonora, etc. Português
106 ## - Campo de dados codificados: material textual
Dados codificados do material textual r
105 ## - Campo de dados codificados: livros
Dados codificados dos livros a z 001yy
215 ## - Descrição física 
Indicação específica da natureza do documento e extensão da espécie 311 p.
Outras indicações físicas il.
Dimensões 24 cm
200 1# - Titulo e menção de responsabilidade
Título próprio A dinâmica da escrita
Informação de outro título como escrever com êxito
Primeira menção de responsabilidade Zacarias Nascimento, José Manuel de Castro Pinto
225 2# - Colecção 
Título próprio da colecção Saber
205 ## - Menção da edição
Menção da edição 1ª ed
210 ## - Publicação, Distribuição, etc. 
Lugar da edição, distribuição, etc. Lisboa
Nome do editor, distribuidor, etc. Plátano
Data da publicação, distribuição, etc. 2001
320 ## - Nota relativa a bibliografia e índices internos 
Texto da nota Bibliografia, p. 311
606 ## - Nome comum usado como assunto
Número de registo de entrada de autoridade 0000860
Palavra de ordem Língua portuguesa
Subdivisão de assunto Expressão escrita
-- [Manuais]
Código do sistema SIPOR
675 ## - Classificação Decimal Universal (CDU)
Notação 811.134.3'42(075)
Edição BN
Língua da edição por
701 #1 - Nome de autor-pessoa física (co-responsabilidade principal)
Palavra de ordem Pinto
Outra parte do nome não tomada para palavra de ordem José M. de Castro
Código de função Autor / Co-autor
700 #1 - Nome de autor-pessoa física (responsabilidade principal)
Número de registo de entrada de autoridade 0000862
Palavra de ordem Nascimento
Outra parte do nome não tomada para palavra de ordem Zacarias
942 ## - Elementos de entrada adicionados (Koha)
Tipo de item no Koha Livro
Exemplares
Situação do levantamento Origin of item (home branch) (coded) Biblioteca de empréstimo Código de barras Circulation type (not for loan) Tipo de documento Nota do exemplar Damaged status
  Biblioteca Escolar Eng. Nuno Mergulhão Biblioteca Escolar Eng. Nuno Mergulhão BENM1149   Livro Sem mensagem